Welcome to WEB OPAC of MRSPTU Central Library

Money magnetism (Record no. 5318)

MARC details
000 -LEADER
fixed length control field 00384nam a2200169Ia 4500
008 - FIXED-LENGTH DATA ELEMENTS--GENERAL INFORMATION
fixed length control field 230711s9999||||xx |||||||||||||| ||und||
020 ## - INTERNATIONAL STANDARD BOOK NUMBER
International Standard Book Number 81-89430-06-8
041 ## - LANGUAGE CODE
Language code of text/sound track or separate title ENG
082 ## - DEWEY DECIMAL CLASSIFICATION NUMBER
Classification number 800
Item number KR-M
100 ## - MAIN ENTRY--PERSONAL NAME
Personal name Kriyananda,Swami
245 #0 - TITLE STATEMENT
Title Money magnetism
250 ## - EDITION STATEMENT
Edition statement !st Ed.
260 ## - PUBLICATION, DISTRIBUTION, ETC.
Date of publication, distribution, etc. 1992
Place of publication, distribution, etc. Haryana
Name of publisher, distributor, etc. Ananda & Sangha
300 ## - PHYSICAL DESCRIPTION
Extent 135
650 ## - SUBJECT ADDED ENTRY--TOPICAL TERM
Topical term or geographic name entry element Literature
942 ## - ADDED ENTRY ELEMENTS (KOHA)
Koha item type Book
Holdings
Withdrawn status Lost status Damaged status Not for loan Collection Home library Current library Date acquired Total checkouts Full call number Barcode Date due Date last seen Date last checked out Price effective from Koha item type
          MRSPTU Central Library MRSPTU Central Library   8 800 KR-M 20310 05/08/2026 04/17/2026 04/17/2026 08/17/2023 Book

Website Designed and Developed by MRSPTU Central Library Team

E-mail Id: librarian@mrsptu.ac.in